|
|
|
|
| LEADER |
00000nam2a2200000 4500 |
| 001 |
677768 |
| 005 |
20241220130408.0 |
| 090 |
|
|
|a 677768
|
| 100 |
|
|
|a 20241220d1978 k||y0rusy50 ca
|
| 101 |
0 |
|
|a rus
|
| 102 |
|
|
|a UA
|
| 105 |
|
|
|a a z 000yy
|
| 181 |
|
0 |
|a i
|b e
|
| 182 |
|
0 |
|a n
|
| 183 |
|
0 |
|a nc
|2 RDAcarrier
|
| 200 |
0 |
|
|a Т. 1: Докембрий I, II
|
| 203 |
|
|
|a Текст
|b визуальный
|c непосредственный
|
| 210 |
|
|
|d 1978
|
| 215 |
|
|
|a 328 с.
|c ил.
|
| 283 |
|
|
|a volume
|2 RDAcarrier
|
| 461 |
|
1 |
|0 677764
|9 677764
|t Железисто-кремнистые формации Украинского щита
|o в двух томах
|f Институт геохимии и физики минералов АН Украинской ССР
|c Киев
|n Наукова думка
|d 1978
|v Т. 1: Докембрий I, II
|
| 606 |
1 |
|
|a Железорудные месторождения
|y Украина
|9 87674
|
| 610 |
1 |
|
|a Украинский щит
|
| 610 |
1 |
|
|a железисто-квемнистые формации
|
| 610 |
1 |
|
|a характеристика
|
| 610 |
1 |
|
|a Конкско-Белозерская провинция
|
| 610 |
1 |
|
|a Базавлукская провинция
|
| 610 |
1 |
|
|a Орехово-Павлоградская железорудная провинция
|
| 610 |
1 |
|
|a Корсак-Стульневская железорудная провинция
|
| 610 |
1 |
|
|a Восточно-Приазовская провинция
|
| 675 |
|
|
|a 553.31(477)
|v 4
|
| 801 |
|
0 |
|a RU
|b 63413507
|c 20241220
|
| 830 |
|
|
|a Ретро2024Каталогизация Шило
|
| 850 |
|
|
|a 63413507
|
| 942 |
|
|
|c BK
|